| 000 -CABECERA |
| campo de control de longitud fija |
00965nam a22002297a 4500 |
| 003 - IDENTIFICADOR DEL NÚMERO DE CONTROL |
| campo de control |
OSt |
| 005 - FECHA Y HORA DE LA ÚLTIMA TRANSACCIÓN |
| campo de control |
20260522174417.0 |
| 008 - DATOS DE LONGITUD FIJA--INFORMACIÓN GENERAL |
| campo de control de longitud fija |
260522b ||||| |||| 00| 0 spa d |
| 020 ## - NÚMERO INTERNACIONAL ESTÁNDAR DEL LIBRO |
| Número Internacional Estándar del Libro |
9781784872816 |
| 040 ## - FUENTE DE LA CATALOGACIÓN |
| Centro/agencia transcriptor |
CO- Mq BPB |
| 041 ## - CÓDIGO DE LENGUA |
| Código de lengua del texto/banda sonora o título independiente |
Eng |
| 082 ## - NÚMERO DE LA CLASIFICACIÓN DECIMAL DEWEY |
| Número de clasificación |
B |
| Número de documento/Ítem |
AN POEs |
| 100 ## - ENTRADA PRINCIPAL--NOMBRE DE PERSONA |
| Nombre de persona |
Poe, Edgar Allan |
| Término indicativo de función/relación |
autor |
| 245 ## - MENCIÓN DE TÍTULO |
| Título |
Selected Stories |
| 264 ## - PRODUCCIÓN, PUBLICACIÓN, DISTRIBUCIÓN, FABRICACIÓN Y COPYRIGHT |
| Producción, publicación, distribución, fabricación y copyright |
London; |
| Nombre del de productor, editor, distribuidor, fabricante |
Penguin Random House, |
| Fecha de producción, publicación, distribución, fabricación o copyright |
2017 |
| 300 ## - DESCRIPCIÓN FÍSICA |
| Extensión |
190 páginas; |
| Otras características físicas |
Tapa rustica, |
| Dimensiones |
18 cm |
| 521 ## - NOTA DE PÚBLICO DESTINATARIO |
| Nota de público destinatario |
Las historias exploran mundos oscuros llenos de misterio, obsesión, culpa, locura y muerte. Entre los relatos más conocidos de Poe se encuentran:<br/><br/>The Tell-Tale Heart<br/>The Fall of the House of Usher<br/>The Black Cat<br/>The Murders in the Rue Morgue<br/><br/>Los cuentos combinan suspenso psicológico, horror y elementos detectivescos que influyeron profundamente en la literatura moderna. |
| 650 ## - PUNTO DE ACCESO ADICIONAL DE MATERIA--TÉRMINO DE MATERIA |
| Término de materia o nombre geográfico como elemento de entrada |
Locura y obsesión |
| 650 ## - PUNTO DE ACCESO ADICIONAL DE MATERIA--TÉRMINO DE MATERIA |
| Término de materia o nombre geográfico como elemento de entrada |
Terror gótico |
| 650 ## - PUNTO DE ACCESO ADICIONAL DE MATERIA--TÉRMINO DE MATERIA |
| Término de materia o nombre geográfico como elemento de entrada |
Misterio y crimen |
| 942 ## - ELEMENTOS DE PUNTO DE ACCESO ADICIONAL (KOHA) |
| Fuente del sistema de clasificación o colocación |
|
| Tipo de ítem Koha |
Libro Literatura |